British Prime Ministers by Term Length - Statistics

General Stats
  • This quiz has been taken 52 times
  • The average score is 8 of 15
Answer Stats
Hint Answer % Correct
11 years, 208 days Margaret Thatcher
96%
8 years, 239 days Sir Winston Churchill
96%
10 years, 56 days Tony Blair
92%
18 years, 343 days William Pitt the Younger
69%
7 years, 279 days Harold Wilson
65%
20 years, 314 days Sir Robert Walpole
59%
12 years, 126 days William Gladstone
59%
7 years, 82 days Stanley Baldwin
53%
8 years, 244 days H. H. Asquith
37%
13 years, 252 days The Marquess of Salisbury
35%
12 years, 58 days Lord North
27%
9 years, 141 days Viscount Palmerston
22%
14 years, 305 days The Earl of Liverpool
20%
7 years, 205 days The Duke of Newcastle
16%
10 years, 191 days Henry Pelham
6%
No matching quizzes found
Score Distribution
Percent of People with Each Score
Percentile by Number Answered
Your Score History
You have not taken this quiz